Welcome to the Holygrace Academy Library

Please use search bar below to get started

OXFORD CONCISE DICTIONARY OF QUOTATIONS (Record no. 1716)

MARC details
000 -LEADER
fixed length control field 00355nam a22001457a 4500
020 ## - INTERNATIONAL STANDARD BOOK NUMBER
ISBN 978-01980-709-24
082 ## - DEWEY DECIMAL CLASSIFICATION NUMBER
Classification number 030
Item number RAT/O
100 ## - MAIN ENTRY--AUTHOR NAME
Personal name FIFTH EDITION
245 ## - TITLE STATEMENT
Title OXFORD CONCISE DICTIONARY OF QUOTATIONS
250 ## - EDITION STATEMENT
Edition statement FIFTH EDITION
260 ## - PUBLICATION, DISTRIBUTION, ETC. (IMPRINT)
Place of publication DELHI
Name of publisher OXFORD UNIVERSITY PRESS
Year of publication 2006
300 ## - PHYSICAL DESCRIPTION
Number of Pages 580
650 ## - SUBJECT ADDED ENTRY--TOPICAL TERM
Topical Term DICTIONARY
Geographic subdivision INDIA
942 ## - ADDED ENTRY ELEMENTS (KOHA)
Koha item type Books
Holdings
Withdrawn status Lost status Collection code Home library Current library Shelving location Date acquired Source of acquisition Full call number Accession Number Koha item type
    Reference Main Library Main Library SHELF 1-A DICTIONARIES 17/05/2012 purchase 030 RAT/O 03445 Books